Top 20 Biggest Fast-Food Chains in the USA - Statistics

General Stats
  • This quiz has been taken 196 times
  • The average score is 10 of 20
Answer Stats
Answer % Correct
McDonald's
99%
Burger King
84%
Wendy's
78%
KFC
71%
Taco Bell
67%
Starbucks
65%
Subway
65%
Pizza Hut
59%
Domino's
57%
Dunkin' Donuts
48%
Arby's
41%
Popeyes
39%
Chipotle
38%
Papa John's
35%
Dairy Queen
30%
Sonic Drive-In
30%
Jack in the Box
21%
Little Caesars
20%
Baskin-Robbins
10%
Jimmy John's
9%
No matching quizzes found
Score Distribution
Percent of People with Each Score
Percentile by Number Answered
Your Score History
You have not taken this quiz